Prueba de comportamiento matemático
Збережено в:
| Автори: | , , |
|---|---|
| Формат: | Книга |
| Мова: | Іспанська |
| Опубліковано: |
Santiago
CPEIP
1993
|
| Предмети: | |
| Теги: |
Додати тег
Немає тегів, Будьте першим, хто поставить тег для цього запису!
|
MARC
| LEADER | 00000nam a2200000 a 4500 | ||
|---|---|---|---|
| 001 | UCY1618 | ||
| 003 | CL-VaPUC | ||
| 008 | 940909e19930000CL |||||||||||||||||spa|d | ||
| 082 | 0 | 4 | |a 372.7 |b OLE |2 21 |
| 100 | |a Olea G., Ricardo |e autor |9 326142 | ||
| 700 | 0 | |a Ahumada A., Hernán |e author |9 329633 | |
| 700 | 0 | |a Líbano A., Luz Elena |e author |9 329634 | |
| 245 | 1 | 0 | |a Prueba de comportamiento matemático |
| 300 | |a 83 p | ||
| 942 | |c BK | ||
| 945 | |d 19940909 00:00:00 |a rbrito | ||
| 260 | |a Santiago |b CPEIP |c 1993 | ||
| 650 | 0 | |a Matemática |9 260235 | |
| 650 | 0 | |a Enseñanza |9 256457 | |
| 583 | |a last modification |c 19940909 00:00:00 |k Rodrigo Vera | ||
| 999 | |c 230267 |d 230265 | ||
| 952 | |0 0 |1 0 |4 0 |6 372_700000000000000_OLE_1993 |7 0 |8 R |9 232395 |a BIBEDU |b BIBEDU |c MCIRC |d 2019-11-15 |i 3015394 |o 372.7 OLE 1993 |p 3015394 |r 2023-01-13 |w 2019-11-15 |y BK_R |k EPE | ||